| 000 | 00735nam a22002057a 4500 | ||
|---|---|---|---|
| 005 | 20240530110601.0 | ||
| 008 | 160905s2009 ua ah g b 000 0 ara d | ||
| 017 |
_a2010/7667 _bمصر . دار الكتب المصريه |
||
| 020 | _a9789774521645 | ||
| 040 | _aEG-CaGPL | ||
| 082 | 0 | 4 |
_221 _a720.92\ _bأ ح |
| 100 | 0 | _aاسماعيل سراج الدين . | |
| 245 | 1 | 0 |
_aحسن فتحى : _bالمدرسه والمسيره / _cاسماعيل سراج الدين . |
| 300 |
_a259 ص : _bايض ؛ _c31 سم . |
||
| 504 | _aيشتمل على ارجاعات ببليوجرافية | ||
| 600 | 0 | 4 | _aحسن فتحى |
| 600 | 0 | 4 |
_aحسن فتحى _xعمارة |
| 942 |
_2ddc _cBK |
||
| 999 |
_c62660 _d62660 |
||